Quellen und Dokumente der Antipaedagogik

Αποθηκεύτηκε σε:
Λεπτομέρειες βιβλιογραφικής εγγραφής
Άλλοι συγγραφείς: Klemm, Urlich (Επιμελητής έκδοσης)
Μορφή: Βιβλίο
Γλώσσα:German
Δημοσίευση: Frankfurt : Dipa, 1992
Θέματα:
Ετικέτες: Προσθήκη ετικέτας
Δεν υπάρχουν, Καταχωρήστε ετικέτα πρώτοι!

MARC

LEADER 00000nam a2200000 i 4500
001 1/12240
008 000919s1992 ger d
020 |a 3-7638-0183-9 
035 |l 10064132 
040 |a GR-MY-UA  |b gre  |e aacr 
041 0 |a ger 
082 0 |a 370.1 
245 1 0 |a Quellen und Dokumente der Antipaedagogik /  |c herausgegeben und eingeleitet von Ulrich Klemm 
260 |a Frankfurt :   |b Dipa,   |c 1992 
300 |a 243 p.;  |c 21 cm 
650 0 0 |a Education  |x Philosophy. 
700 1 |a Klemm, Urlich.  |4 edt 
852 |a INST  |b RHODES  |e 20000919  |h 370.1 QUE  |p 005400014980  |q 005400014980  |t BK  |y 0 
901 |a BIBL4-2000-3 
909 |a Ρ  |b 065902 
922 |a 4ΕΛΗ  |b 199905  |c ΚΠΣ/154  |d LEADER BOOKS 
970 |z 2000/09/ΣΟΦΙΑ